| 000 | 00554nam a22001937a 4500 | ||
|---|---|---|---|
| 003 | BUBTL | ||
| 008 | 220524b ||||| |||| 00| 0 eng d | ||
| 020 | _a9848470514 | ||
| 082 | _a345.05/ H929l/ 2010 | ||
| 100 |
_aHuq, Zahirul _94111 |
||
| 245 |
_aLaw and Practice of Criminal Procedure/ _bAl-Haj Zahirul Huq |
||
| 250 | _a11th | ||
| 260 |
_aDhaka _bBangladesh Law Book Company _cc2010 |
||
| 300 |
_a[xxviii], 1214p. : _b21cm. |
||
| 650 | _2Criminal Law | ||
| 856 |
_k0 _l0 _yDownload |
||
| 942 |
_2ddc _cBK |
||
| 999 |
_c6708 _d6708 |
||